000 00664nam a2200241Ia 4500
003 OSt
005 20220926004917.0
006 a|||||r|||| 00| 0
007 ta
008 220923b |||||||| |||| 00| 0 eng d
020 _a9789332811830
037 _cGeneral Book
040 _aRTL
_cRTL
_beng
041 _2eng
_aeng
082 _aX9:9(Z2), Q9
100 _aGUPTA Parul
_9254297
245 0 _aIndustrial relations and labour laws for managers
260 _a New Delhi
_bSage
_c2019
300 _axi,478p
_ccm.
500 _aBibliography chapterwise
942 _hX9:9(Z2), Q9
_cGB
_2CC
999 _c612556
_d612556